00294nam a2200097Ia 4500082001600000245008500016100002800101942000700129008004100136999001900177 a778.93 BENV 0aThe art of nature photography : perfect your pictures in-camera and in-computer  a Benvie, Niall 988763 cBK210825s9999 xx 000 0 und d c524795d524794